IFM Opac

The teaching social security. (Record no. 14264)

MARC details
000 -LEADER
fixed length control field 00283nam a22001097a 4500
020 ## - INTERNATIONAL STANDARD BOOK NUMBER
International Standard Book Number 9284310172
082 ## - DEWEY DECIMAL CLASSIFICATION NUMBER
Classification number 368.4TEA.
245 ## - TITLE STATEMENT
Title The teaching social security.
260 ## - PUBLICATION, DISTRIBUTION, ETC.
Place of publication, distribution, etc. Geneva.
Name of publisher, distributor, etc. International social security Association.
Date of publication, distribution, etc. 1983.
300 ## - PHYSICAL DESCRIPTION
Extent viii, 135p.
Other physical details 23cm.
942 ## - ADDED ENTRY ELEMENTS (KOHA)
Koha item type Books
Holdings
Withdrawn status Lost status Damaged status Not for loan Home library Current library Shelving location Date acquired Total Checkouts Full call number Barcode Date last seen Date last checked out Price effective from Koha item type
        IFM Main Campus Library Zanzibar Campus Archival Collection 11/25/2015 1 368.4TEA. 0000001781 04/22/2024 02/20/2024 02/19/2022 Books